Biblioteca
Vista normal Vista MARC
  • Jesucristo

Entrada Autor personal

Número de registros utilizados en: 1

001 - NUMERO DE CONTROL

  • Campo de control: 242

003 - IDENTIFICADOR DE NUMERO DE CONTROL

  • Campo de control: CO-MdFUSB

005 - HORA Y FECHA DE LA ULTIMA TRANSACCIÓN

  • Campo de control: 20160728152531.0

008 - CAMPO DE LONGITUD FIJA

  • Campo fijo de descripción fija: 050411 n adznnbabn||||||||| a aaa d

040 ## - AGENCIA DE CATALOGACIÓN ORIGINAL

  • Agencia de catalogación original: CO-MdFUSB
  • Agencia que hace la transcripción: CO-MdFUSB

100 0# - AUTOR PERSONAL

  • Autor personal: Jesucristo
  • Subdivisión General: Historicidad

450 ## - Véase-Térm.Temát (No Usar)

  • Termino temático (No Usar:): Historicidad de Jesucristo

670 ## - FUENTE EN LA QUE SE LOCALIZARON DATOS

  • Fuente: LC auth. en línea (11/04/07)
  • Fuente de información: Jesus Christ-Historicity

670 ## - FUENTE EN LA QUE SE LOCALIZARON DATOS

  • Fuente: BNF aut. en línea (11/04/07)
  • Fuente de información: Jésus-Christ--Historicité

670 ## - FUENTE EN LA QUE SE LOCALIZARON DATOS

  • Fuente: BNE aut. en línea (21/09/15)

Biblioteca FUSBC | Teléfono: (57+4) 349 88 10 Ext. 141| WhatsApp (+57) 3005338115 
E-mail: biblioteca@unisbc.edu.co | Calle 76 87-14 Robledo Palenque, Medellín, Colombia

Con tecnología Koha